Top 30 : Zara Larsson - Statistiques

Statistiques générales
  • Ce quiz a été pris 30 fois
  • Le résultat moyen est 11 sur 30
Statistiques - réponses
Top Titres Featuring % Correct
1 Lush Life
89%
2 Symphony Clean Bandit
85%
30 Midnight Sun
74%
11 Uncover
70%
3 Never Forget You MNEK
63%
6 Ain't My Fault
56%
22 Ain't My Fault - R3hab Remix R3HAB
56%
4 Ruin My Life
48%
5 This One's for You David Guetta
48%
13 Can't Tame Her
44%
15 WOW
44%
20 WOW - Remix Sabrina Carpenter
44%
14 On My Love David Guetta
37%
24 Love Me Land
33%
21 So Good Ty Dolla $ign
33%
10 I Would Like
30%
7 Words Alesso
30%
16 All the Time
26%
25 All the Time - Don Diablo Remix Don Diablo
26%
8 Girls Like Tinie Tempah
19%
12 Like It Is Kygo, Tyga
15%
23 Only You
15%
17 TG4M
15%
18 Don't Worry Bout Me
11%
28 Look What You've Done
11%
19 A Brand New Day BTS
7%
26 Carry You Home
7%
9 I Can't Fall in Love Without You
7%
29 Now You're Gone Tom Walker
4%
27 Säg Mig Var Du Står Carola
4%
Aucun quiz correspondant
Distribution des résultats
% des personnes avec chaque résultat
Percentile par nombre de réponses
Votre historique - résultats
Vous n’avez pas pris ce quiz